000 02363nam a2200265 4500
005 20260217173227.0
008 260217c2025 sp|ar|p|o|||| 00| 0 spa d
040 _aMX-MxUPN
_bspa
_cMX-MxUPN
_eaacr2
100 1 _aGómez Vicario, Mariana
_958813
100 1 _aGutiérrez Sánchez, José David
_958814
100 1 _aPantoja Vallejo, Antonio
_950974
245 1 _aJuventud y accesibilidad laboral en Marruecos: un análisis con perspectiva de género
_h[recurso electrónico en línea]
506 0 _aAcceso abierto
520 3 _aEl siguiente trabajo tiene como objetivo central analizar la percepción de un grupo de jóvenes marroquíes sobre el acceso al mundo laboral en Marruecos desde una perspectiva de género. Partiendo de una metodología mixta (cualitativa y cuantitativa) se realizaron entrevistas semiestructuradas, grupos de discusión y un cuestionario a 43 jóvenes de entre 15 y 20 años (25 hombres y 18 mujeres). La investigación contó con el apoyo de la Universidad Abdelmalek Essaâdi de Tetuán y asociaciones locales. Los resultados mostraron cómo los hombres sienten que disponen de desventajas a la hora de encontrar un empleo frente a las mujeres. Aunque se constata que los hombres disponen de mayores derechos y reconocimiento sociales, las mujeres encuentran un empleo con mayor facilidad. Sin embargo, ellas albergan mayor probabilidad de sufrir desventajas laborales y, en ocasiones, ser vistas como transgresoras de costumbres y tradiciones familiares, además de vivenciar presión social por crear una familia como actividad prioritaria frente al empleo. Entre sus conclusiones principales, el artículo expone situaciones de desigualdad social que, sobre todo, afectan a las mujeres a la hora de encontrar un empleo. Además, es posible observar cómo ante la imposibilidad de realizarse laboralmente, se cataliza la idealización y creación de un proyecto migratorio.
650 4 _aJuventud
_914365
650 2 _aEmpleo
_917151
650 4 _aGénero
_95712
650 4 _aFamilias
_944286
653 _aMigración
653 _aDesigualdad social
773 _gVol. 27, no. 2 (2025), p. 188–200
_tFuentes : revista de la Facultad de Ciencias de la Educación
_x2172-7775
856 4 _uhttps://revistascientificas.us.es/index.php/fuentes/article/view/26918
902 _aGloria Jiménez/170226
942 _cART-E
999 _c214633
_d214633